| 000 | 00524nam a2200181Ia 4500 | ||
|---|---|---|---|
| 003 | IN-BaIIA | ||
| 008 | 211028s9999 xx 000 0 eng d | ||
| 040 | _cIIA Library | ||
| 080 |
_a517.91 _bDAV |
||
| 100 |
_aDavis, Harold T. _95688 |
||
| 245 | 0 |
_aIntroduction to nonlinear differential equations _cHarold T. Davis |
|
| 260 |
_aNew York _bDover Publications _c1962 |
||
| 300 | _axi, 566p. | ||
| 650 |
_aDifferential Equations _91510 |
||
| 650 | _aNASA Thesaurus | ||
| 650 |
_aNonlinear Equations _91654 |
||
| 942 | _cBK | ||
| 999 |
_c3201 _d3201 |
||